000 01261pam a2200325 a 4500
001 1885
003 FISKH
005 20231009085910.0
008 940323s1994 ilua j 001 0 eng
010 _a 94014075
020 _a9780516460307
040 _aDLC
_cDLC
_dDLC
_beng
042 _alcac
050 0 0 _aSB347
_b.R63 1994
082 0 0 _a635/.62
_220
100 1 _aRobinson, Fay.
245 1 0 _aVegetables, vegetables! /
_cby Fay Robinson.
260 _aChicago :
_bChildrens Press,
_c1994.
300 _a31 pages :
_bcolor illustrations ;
_c19 cm.
440 0 _aRookie read-about science
505 _aM
520 _aFrom friendly dolphins to giant pandas, from icebergs and glaciers to energy from the sun, from magnets to solids, liquids, and gases, Rookie Read-About Science is a natural addition to the primary-grade classroom with books that cover every part of the science curricula. Includes: animals, nature, scientific principles, the environment, weather, and much more!
521 8 _a540
_bLexile AD
521 8 _aM
_bRaz-Plus
650 0 _aPumpkin
_xJuvenile literature.
650 0 _aVegetables
_xJuvenile literature.
650 1 _aPumpkins.
906 _a7
_bcbc
_corignew
_d1
_eocip
_f19
_gy-gencatlg
942 _2ddc
_cBK
_n0
999 _c1885
_d1885